Loading...
| Philosophy | 0 | 8 | 0 | 0 | 80 | 18 | 36.50 | 7 | 7 | 0.00 | 0.00 |
| History - European | 0 | 7 | 0 | 0 | 70 | 14 | 35.86 | 2 | 5 | 0.00 | 0.00 |
| History - World | 0 | 6 | 1 | 1 | 55 | 12 | 44.50 | 2 | 5 | 0.00 | 0.00 |
| Science - Biology | 0 | 4 | 0 | 1 | 40 | 30 | 64.25 | 1 | 3 | 0.00 | 0.00 |
| Mythology | 0 | 3 | 0 | 0 | 30 | 41 | 60.67 | 1 | 2 | 0.00 | 0.00 |
| Religion | 0 | 3 | 0 | 0 | 30 | 30 | 43.33 | 2 | 3 | 0.00 | 0.00 |
| History - Other | 0 | 3 | 1 | 1 | 25 | 51 | 72.33 | 0 | 1 | 0.00 | 0.00 |
| Popular Culture | 0 | 2 | 0 | 0 | 20 | 55 | 78.00 | 0 | 2 | 0.00 | 0.00 |
| Literature - European | 0 | 2 | 0 | 0 | 20 | 48 | 67.00 | 1 | 2 | 0.00 | 0.00 |
| Current Events | 0 | 2 | 1 | 1 | 15 | 59 | 84.00 | 0 | 1 | 0.00 | 0.00 |
| Science - Chemistry | 0 | 2 | 1 | 0 | 15 | 79 | 92.00 | 0 | 2 | 0.00 | 0.00 |
| Science - Other | 0 | 1 | 0 | 0 | 10 | 91 | 91.00 | 1 | 1 | 0.00 | 0.00 |
| Social Science | 0 | 1 | 1 | 0 | 5 | 60 | 60.00 | 1 | 1 | 0.00 | 0.00 |
| Literature - British | 0 | 0 | 1 | 0 | -5 | 0.00 | 0 | 0 | 0.00 | 0.00 | |
| Geography | 0 | 0 | 2 | 0 | -10 | 0.00 | 0 | 0 | 0.00 | 0.00 | |
| Fine Arts - Other | 0 | 0 | 2 | 0 | -10 | 0.00 | 0 | 0 | 0.00 | 0.00 |